[Event "Elite Hotels Open 2015"]
[Site "Elite Stadshotellet, Vaxjo"]
[Date "2015.02.15"]
[Round "8.18"]
[White "Rydstrom, Tom"]
[Black "Reid, Gregor J M"]
[Result "1/2-1/2"]
[WhiteElo "2314"]
[BlackElo "2133"]

1.e4 g6 2.d4 d6 3.Nc3 Bg7 4.Be3 Nc6 5.Nf3 Nf6 6.Qd2 O-O 7.Bh6 Bg4 8.Bxg7 
Kxg7 9.d5 Bxf3 10.dxc6 Bxe4 11.Nxe4 Nxe4 12.Qd4+ Nf6 13.cxb7 Rb8 14.Qxa7 
c5 15.Be2 Qc7 16.O-O Rxb7 17.Qa3 d5 18.Rfb1 e5 19.c3 Rfb8 20.b3 c4 21.b4 
d4 22.Qc1 d3 23.Bd1 Qb6 24.Rb2 e4 25.a4 Nd5 26.Qd2 f5 27.a5 Qf6 28.Rc1 f4 
29.Qe1 e3 30.fxe3 fxe3 31.Qg3 e2 32.Bxe2 dxe2 33.Rxe2 Rd8 34.h3 h5 35.Rf2 
Qe7 36.Rd1 Rbd7 37.Rfd2 Nf6 38.Rxd7 Rxd7 39.Rxd7 Qxd7 40.Qe5 Kf7 41.b5 Qe7
42.Qd4 Qe1+ 43.Kh2 Ng4+ 44.hxg4 Qh4+ 1/2-1/2

[Event "Elite Hotels Open 2015"]
[Site "Elite Stadshotellet, Vaxjo"]
[Date "2015.02.15"]
[Round "8.19"]
[White "Lissang, Christopher"]
[Black "Nilsson, Mikael"]
[Result "1/2-1/2"]
[WhiteElo "2280"]
[BlackElo "2026"]

1.d4 d6 2.e4 Nf6 3.Nc3 e5 4.dxe5 dxe5 5.Qxd8+ Kxd8 6.Bg5 c6 7.O-O-O+ Kc7 
8.f4 h6 9.Bxf6 gxf6 10.f5 b5 11.Be2 b4 12.Nb1 Ba6 13.Nd2 Bxe2 14.Nxe2 Rg8 
15.Ng3 Be7 16.Nc4 Nd7 17.Rd2 Nb6 18.Nxb6 axb6 19.Rhd1 Rad8 20.Rxd8 Bxd8 
21.Rd2 Be7 22.Re2 Ra8 23.Kb1 Rd8 24.c3 bxc3 25.bxc3 b5 26.Rb2 Ba3 27.Rb3 
Bc5 28.Kc2 Ra8 29.Rb2 Ba3 30.Rb3 Bc5 31.Rb2 Ba3 32.Rb3 Bc5 1/2-1/2

[Event "Elite Hotels Open 2015"]
[Site "Elite Stadshotellet, Vaxjo"]
[Date "2015.02.15"]
[Round "8.20"]
[White "Svensson, Bo Anders"]
[Black "Sevastianov, Andrii"]
[Result "1/2-1/2"]
[WhiteElo "2242"]
[BlackElo "2071"]

1.c4 e5 2.g3 Nc6 3.Bg2 Nf6 4.Nc3 Bc5 5.a3 a5 6.e3 O-O 7.Nge2 Re8 8.O-O d6 
9.d3 Bf5 10.h3 Qd7 11.g4 Bg6 12.Ng3 h6 13.Kh1 Re7 14.b3 Rae8 15.Ra2 Nd8 
16.e4 Ne6 17.Nce2 c6 18.f4 exf4 19.Nf5 Bxf5 20.gxf5 f3 21.Rxf3 Nd4 22.Rg3 
Nh5 23.Rg4 Nf6 24.Rg3 Nh5 25.Rg4 Nf6 26.Rg3 1/2-1/2

[Event "Elite Hotels Open 2015"]
[Site "Elite Stadshotellet, Vaxjo"]
[Date "2015.02.15"]
[Round "8.21"]
[White "Lind, Jan-Olov"]
[Black "Hansson, Fredrik"]
[Result "1-0"]
[WhiteElo "2238"]
[BlackElo "2029"]

1.e4 e5 2.Nf3 Nc6 3.Be2 Nf6 4.d3 d5 5.Nbd2 Bc5 6.O-O O-O 7.c3 Bb6 8.b4 a6 
9.a3 Bg4 10.Bb2 dxe4 11.dxe4 Qe7 12.Qc2 Nh5 13.Rfe1 Nf4 14.Bf1 Qf6 15.c4 
Bd4 16.Bxd4 Nxd4 17.Nxd4 exd4 18.e5 Qg5 19.g3 Bf5 20.Qc1 Ne6 21.Bg2 Rab8 
22.f4 Qg6 23.Nf3 h5 24.Nh4 Qh7 25.Nxf5 Qxf5 26.Be4 Qg4 27.Kf2 f6 28.h3 
Qxh3 29.Rh1 Nxf4 30.Rxh3 Nxh3+ 31.Kg2 Ng5 32.Bg6 Ne6 33.Qh1 1-0

[Event "Elite Hotels Open 2015"]
[Site "Elite Stadshotellet, Vaxjo"]
[Date "2015.02.15"]
[Round "8.22"]
[White "Neretljak, Nedzad"]
[Black "Lindh, Fredrik"]
[Result "0-1"]
[WhiteElo "2029"]
[BlackElo "2219"]

1.e4 c5 2.Nf3 Nc6 3.d4 cxd4 4.c3 dxc3 5.Bc4 e6 6.O-O Nge7 7.Nxc3 a6 8.a4 
Ng6 9.Ba2 Bc5 10.Kh1 O-O 11.Ng5 h6 12.Nh3 Nb4 13.Bb1 e5 14.f4 exf4 15.Nxf4
Nxf4 16.Bxf4 d6 17.Qh5 Bd4 18.e5 Bxe5 19.Bxh6 gxh6 20.Qxh6 f5 21.Qg6+ Bg7 
22.Nd5 Nxd5 23.Ba2 Qf6 24.Bxd5+ Kh8 25.Qh5+ Qh6 26.Qe2 Be5 27.g4 Be6 28.
Bxb7 Rab8 29.g5 Qh4 30.Ra3 0-1

[Event "Elite Hotels Open 2015"]
[Site "Elite Stadshotellet, Vaxjo"]
[Date "2015.02.15"]
[Round "8.23"]
[White "Johansson, Roland"]
[Black "Nilsson, Patrik 1978"]
[Result "1/2-1/2"]
[WhiteElo "1963"]
[BlackElo "2177"]

1.e4 e6 2.d4 d5 3.Nc3 Nf6 4.e5 Nfd7 5.f4 c5 6.Nf3 Nc6 7.Bb5 a6 8.Bxc6 bxc6
9.Ne2 cxd4 10.Nexd4 c5 11.Ne2 Nb6 12.O-O Be7 13.Qe1 O-O 14.b3 f5 15.exf6 
Bxf6 16.Rb1 d4 17.Ba3 Qd5 18.Qa5 Nd7 19.Qd2 e5 20.fxe5 Nxe5 21.Nxe5 Qxe5 
22.Rbe1 Bd7 23.c3 Bg5 24.Rxf8+ Rxf8 25.Nxd4 Qf6 26.Qe2 cxd4 27.Bxf8 Be3+ 
28.Kh1 Kxf8 29.cxd4 Bxd4 30.Rf1 Bf5 31.Qc4 g6 32.Rd1 Be5 33.Qc5+ Kg7 34.
Qa7+ Kh6 35.Qe3+ Kg7 36.Qa7+ 1/2-1/2

[Event "Elite Hotels Open 2015"]
[Site "Elite Stadshotellet, Vaxjo"]
[Date "2015.02.15"]
[Round "8.24"]
[White "Tomaz, Tainan Pantano"]
[Black "Bellon Lopez, Juan Manuel"]
[Result "0-1"]
[WhiteElo "1984"]
[BlackElo "2368"]

1.c4 c5 2.Nf3 Nc6 3.d4 cxd4 4.Nxd4 f5 5.Nc3 g6 6.g3 Bg7 7.Nxc6 bxc6 8.h4 
Nf6 9.Bg2 e6 10.Bf4 d5 11.O-O O-O 12.Qa4 Bd7 13.Rad1 Ne4 14.Nxe4 fxe4 15.
b4 a5 16.Bd6 Rf7 17.Qc2 axb4 18.Bxb4 Qb6 19.Rb1 Qa6 20.a3 Qa4 21.Qd2 Bf8 
22.Qd4 Qa7 23.Qxa7 Rxa7 24.cxd5 exd5 25.Rfc1 Ra6 26.e3 Bxb4 27.Rxb4 Rxa3 
28.Rc2 Ra7 29.Kh2 Kf8 30.Rb8+ Ke7 31.Rcb2 Kd6 32.Rg8 Kc7 33.h5 gxh5 34.Rg5
Bg4 35.Bh3 Rb7 36.Rc2 Kd6 37.Bxg4 hxg4 38.Rxg4 c5 39.Rg8 d4 40.exd4 cxd4 
41.Re2 Rfe7 42.Rg4 Kd5 43.Kg2 d3 44.Ra2 Ra7 45.Rb2 Reb7 46.Rd2 Kd4 0-1

[Event "Elite Hotels Open 2015"]
[Site "Elite Stadshotellet, Vaxjo"]
[Date "2015.02.15"]
[Round "8.25"]
[White "Jakenberg, Jussi"]
[Black "Ziegler, Ari"]
[Result "1/2-1/2"]
[WhiteElo "2019"]
[BlackElo "2327"]

1.e4 c5 2.c3 e6 3.d4 d5 4.exd5 exd5 5.Bb5+ Nc6 6.Qe2+ Be7 7.dxc5 Nf6 8.Nf3
O-O 9.O-O Bxc5 10.Bg5 a6 11.Bd3 Bg4 12.Nbd2 Re8 13.Qd1 Qd6 14.Bxf6 Qxf6 
15.Qc2 h5 16.Rae1 Red8 17.h3 Bxf3 18.Nxf3 g5 19.Bf5 Kg7 20.g4 Ne7 21.Re5 
Bd6 22.Re2 Nxf5 23.Qxf5 Qxf5 24.gxf5 Kf6 25.Nd4 Re8 26.Rfe1 Rxe2 27.Rxe2 
Rd8 28.Kg2 Rd7 29.Re8 Bc5 30.Nb3 Be7 31.Rh8 Kxf5 32.Rxh5 Bf6 33.Rh6 Rc7 
34.Kf3 b5 35.Nd4+ Bxd4 36.cxd4 f6 37.Rh8 Rc2 38.Ra8 Rxb2 39.Rxa6 Rb4 40.
Ke3 Rc4 41.Ra3 Rc1 42.Kd2 Rh1 43.Rf3+ Ke4 44.Rxf6 Rxh3 45.Rb6 Ra3 46.Rxb5 
Rxa2+ 47.Ke1 Kxd4 48.Rb3 Ra6 49.Rg3 Re6+ 50.Kd2 Re5 51.Rg4+ Kc5 52.f4 Re4 
53.Rxg5 Rxf4 54.Rg3 d4 55.Rh3 Kc4 56.Rg3 Rh4 57.Rf3 Rh2+ 58.Kd1 Ra2 59.Rg3
Ra7 1/2-1/2

[Event "Elite Hotels Open 2015"]
[Site "Elite Stadshotellet, Vaxjo"]
[Date "2015.02.15"]
[Round "8.26"]
[White "Karlsson, Robin"]
[Black "Ask, Josef"]
[Result "1/2-1/2"]
[WhiteElo "2012"]
[BlackElo "2174"]

1.d4 Nf6 2.c4 g6 3.Nc3 Bg7 4.e4 d6 5.Nf3 O-O 6.Be2 e5 7.O-O exd4 8.Nxd4 
Re8 9.f3 Nc6 10.Be3 Nh5 11.Qd2 Nf4 12.Rfd1 Nxd4 13.Bxd4 Qg5 14.Bf1 Bh6 15.
Kh1 Ne6 1/2-1/2

[Event "Elite Hotels Open 2015"]
[Site "Elite Stadshotellet, Vaxjo"]
[Date "2015.02.15"]
[Round "8.27"]
[White "Johansson, Carl Fredrik"]
[Black "Rishovd, Svein"]
[Result "0-1"]
[WhiteElo "2160"]
[BlackElo "2010"]

1.d4 Nf6 2.c4 e6 3.Nc3 Bb4 4.f3 d5 5.a3 Bxc3+ 6.bxc3 c6 7.e3 b6 8.cxd5 
cxd5 9.Bb5+ Bd7 10.Bd3 Nc6 11.Ne2 O-O 12.O-O Re8 13.e4 e5 14.Bg5 h6 15.
Bxf6 Qxf6 16.exd5 Ne7 17.dxe5 Qxe5 18.c4 b5 19.cxb5 Nxd5 20.Re1 Rad8 21.
Ng3 Qd4+ 22.Kf1 Ne3+ 23.Rxe3 Qxe3 24.Qc2 Bxb5 25.Bxb5 Rd2 26.Qxd2 Qxd2 27.
Bxe8 Kf8 28.Re1 Qd3+ 29.Kg1 Qxa3 30.Bd7 g6 31.h3 Qd6 32.Re8+ Kg7 33.Ne4 
Qd1+ 34.Kh2 f5 35.Re7+ Kf8 36.Rh7 fxe4 37.fxe4 Qd6+ 38.Kh1 Kg8 39.Rxh6 Kg7
0-1

[Event "Elite Hotels Open 2015"]
[Site "Elite Stadshotellet, Vaxjo"]
[Date "2015.02.15"]
[Round "8.28"]
[White "Lindahl, Emil"]
[Black "Olsson, Lars F"]
[Result "1-0"]
[WhiteElo "2140"]
[BlackElo "2002"]

1.d4 Nf6 2.Bg5 Ne4 3.Bf4 d5 4.e3 e6 5.Bd3 Nf6 6.Nf3 Bd6 7.Nbd2 Bxf4 8.exf4
O-O 9.c3 c5 10.dxc5 Qc7 11.Ne5 Qxc5 12.O-O Nc6 13.Re1 Nxe5 14.fxe5 Nd7 15.
Qh5 f5 16.exf6 Nxf6 17.Qh4 Bd7 18.Nf3 Rae8 19.Ne5 Bb5 20.Bc2 Ne4 21.Bxe4 
dxe4 22.Rxe4 Rd8 23.Nf3 Rd5 24.Rxe6 Rxf3 25.gxf3 Rg5+ 26.Kh1 Bc6 27.Rxc6 
bxc6 28.Re1 1-0

[Event "Elite Hotels Open 2015"]
[Site "Elite Stadshotellet, Vaxjo"]
[Date "2015.02.15"]
[Round "8.29"]
[White "Svensson, Anders 1971"]
[Black "Danielsson, Fredrik"]
[Result "1/2-1/2"]
[WhiteElo "2131"]
[BlackElo "1993"]

1.e4 c5 2.Nf3 d6 3.Bb5+ Nd7 4.d4 cxd4 5.Nxd4 Nf6 6.Nc3 g6 7.Be3 Bg7 8.f3 
a6 9.Bxd7+ Bxd7 10.Qd2 O-O 11.Bh6 b5 12.O-O-O e5 13.Nde2 b4 14.Nd5 Nxd5 
15.exd5 a5 16.h4 f6 17.Bxg7 Kxg7 18.h5 g5 19.g4 Qc7 20.Kb1 Rfc8 21.Ng3 a4 
22.Rc1 a3 23.b3 Qc3 1/2-1/2

[Event "Elite Hotels Open 2015"]
[Site "Elite Stadshotellet, Vaxjo"]
[Date "2015.02.15"]
[Round "8.30"]
[White "Sigeman, Johan"]
[Black "Eidenert, Carl"]
[Result "1/2-1/2"]
[WhiteElo "2128"]
[BlackElo "1990"]

1.c4 Nf6 2.Nc3 e6 3.e4 d6 4.d4 Nbd7 5.Nf3 e5 6.Be2 exd4 7.Nxd4 g6 8.Be3 
Bg7 9.O-O O-O 10.Qc2 Re8 11.f3 Nf8 12.Rfd1 b6 13.Qd2 Ne6 14.Nc2 Bb7 15.
Rac1 a5 16.Bf1 1/2-1/2

[Event "Elite Hotels Open 2015"]
[Site "Elite Stadshotellet, Vaxjo"]
[Date "2015.02.15"]
[Round "8.31"]
[White "Thornblad, Erik"]
[Black "Lindborg, Patrik"]
[Result "0-1"]
[WhiteElo "1970"]
[BlackElo "2127"]
[EventDate "2015.02.13"]

1.e4 c5 2.Nf3 e6 3.d4 cxd4 4.Nxd4 Nc6 5.Nc3 Qc7 6.Be2 Nf6 7.O-O a6 8.Be3 
b5 9.f4 b4 10.e5 bxc3 11.exf6 cxb2 12.fxg7 Bxg7 13.Rb1 Rb8 14.f5 Qe5 0-1

[Event "Elite Hotels Open 2015"]
[Site "Elite Stadshotellet, Vaxjo"]
[Date "2015.02.15"]
[Round "8.32"]
[White "Goransson, Martin"]
[Black "Gutzmann, Tobias"]
[Result "1-0"]
[WhiteElo "1968"]
[BlackElo "2101"]
[EventDate "2015.02.13"]

1.c4 e6 2.g3 f5 3.Bg2 Nf6 4.Nf3 d5 5.O-O c6 6.d3 dxc4 7.dxc4 Qxd1 8.Rxd1 
Nbd7 9.Bh3 Bc5 10.b3 O-O 11.e3 g6 12.Bb2 Re8 13.Nc3 h6 14.a3 e5 15.b4 Bf8 
16.c5 e4 17.Nd4 Ne5 18.Bf1 b6 19.cxb6 axb6 20.Rac1 Bb7 21.Nb1 Nfd7 22.Nd2 
b5 23.N2b3 Rac8 24.Na5 Ba8 25.Ndxc6 Nxc6 26.Rxd7 Nxa5 27.bxa5 Rxc1 28.Bxc1
Rc8 29.Bb2 Bc6 30.Rd1 Be8 31.Rc1 Rxc1 32.Bxc1 Bc6 33.a6 Bc5 34.Bb2 Kf7 35.
Be2 Ke7 36.h4 h5 37.Bd4 Bxa3 38.a7 b4 39.Bc4 Kd6 40.Kf1 Kc7 41.Ke2 Kb7 42.
Kd2 b3 43.Bxb3 Bb4+ 44.Bc3 Be7 45.Bf7 g5 46.hxg5 Bxg5 47.Bd4 h4 48.gxh4 
Bxh4 49.Ke1 Bd8 50.Be6 Bb6 51.a8=Q+ Kxa8 52.Bxb6 Kb7 53.Bc5 Ka6 54.Bxf5 
Kb5 55.Bf8 Kc4 56.Kd2 Bd5 57.Bc8 Bf7 58.Kc2 Bg8 59.Ba6+ Kd5 60.Kc3 Ke5 61.
Bg7+ Kf5 62.Kd4 Kg4 63.Be2+ Kf5 64.Ba6 Kg4 65.Kxe4 Bh7+ 66.Ke5 Kf3 67.Bh6 
Kxf2 68.Bc8 Kf3 69.Bf5 Bg8 70.Kd6 Bb3 71.Bb1 Kg4 72.e4 Kh5 73.Bd2 Kg6 74.
e5+ Kf7 75.Be4 1-0

[Event "Elite Hotels Open 2015"]
[Site "Elite Stadshotellet, Vaxjo"]
[Date "2015.02.15"]
[Round "8.34"]
[White "Karlsson, Anders"]
[Black "Winfridsson, Hakan"]
[Result "1-0"]
[WhiteElo "1947"]
[BlackElo "2080"]
[EventDate "2015.02.13"]

1.e4 c5 2.Nf3 Nc6 3.d4 cxd4 4.Nxd4 Nf6 5.Nc3 e5 6.Ndb5 d6 7.Bg5 a6 8.Na3 
b5 9.Bxf6 gxf6 10.Nd5 Bg7 11.c3 Be6 12.Nc2 Ne7 13.a4 bxa4 14.Ncb4 Nxd5 15.
exd5 Bd7 16.Bxa6 O-O 17.Bb7 Rb8 18.Nc6 Qb6 19.Nxb8 Rxb8 20.Bc6 Bxc6 21.
dxc6 Qxc6 22.O-O Rxb2 23.Rxa4 f5 24.Ra7 e4 25.Qh5 Qe8 26.Qxf5 Bxc3 27.Rc7 
1-0

[Event "Elite Hotels Open 2015"]
[Site "Elite Stadshotellet, Vaxjo"]
[Date "2015.02.15"]
[Round "8.35"]
[White "Mattsson, Michael"]
[Black "Garner, Marten"]
[Result "1-0"]
[WhiteElo "2076"]
[BlackElo "1893"]
[EventDate "2015.02.13"]

1.e4 e6 2.d4 d5 3.Nd2 Nf6 4.e5 Nfd7 5.f4 c5 6.c3 Nc6 7.Ndf3 cxd4 8.cxd4 f6
9.Bd3 Be7 10.Ne2 O-O 11.O-O Qb6 12.Kh1 a5 13.Qc2 f5 14.Bd2 Ndb8 15.Rg1 Na6
16.a3 Bd7 17.g4 Rac8 18.Bc3 Ncb4 19.axb4 axb4 20.Qb3 Bb5 21.Be1 Bc4 22.Qd1
Qb5 23.Bxc4 dxc4 24.gxf5 Rxf5 25.d5 Qxd5 26.Qxd5 exd5 27.Nfd4 Rf7 28.e6 
Rff8 29.Ra5 Rc5 30.Rxc5 Bxc5 31.Bh4 Bxd4 32.Nxd4 Rxf4 33.e7 Nc7 34.Ne6 
Rxh4 35.Nxc7 Re4 36.e8=Q+ Rxe8 37.Nxe8 c3 38.Nf6+ Kf7 39.Nxd5 1-0

[Event "Elite Hotels Open 2015"]
[Site "Elite Stadshotellet, Vaxjo"]
[Date "2015.02.15"]
[Round "8.36"]
[White "Karlsson, Roger"]
[Black "Berglind, Axel"]
[Result "0-1"]
[WhiteElo "1921"]
[BlackElo "2047"]
[EventDate "2015.02.13"]

1.e4 c5 2.Nc3 Nc6 3.g3 g6 4.Bg2 Bg7 5.d3 e6 6.Be3 Nd4 7.Qd2 Ne7 8.h4 h5 9.
Nh3 Nec6 10.O-O d6 11.Nd1 e5 12.f3 Ne6 13.c3 Rb8 14.Ng5 O-O 15.Nf2 f6 16.
Nxe6 Bxe6 17.Nh3 Qd7 18.Kh2 b6 19.Nf2 d5 20.f4 d4 21.cxd4 cxd4 22.f5 dxe3 
23.fxe6 Qd4 24.Qc1 Nb4 25.a3 e2 26.axb4 exf1=Q 27.Qxf1 Qxb2 28.Rxa7 Ra8 
29.Nd1 Qxb4 30.Rxa8 Rxa8 31.Ne3 Ra2 32.Nd5 Qb2 33.e7 Kf7 34.Kh3 Qe2 35.d4 
exd4 36.Qxe2 Rxe2 37.Bf1 d3 38.g4 hxg4+ 39.Kxg4 Rxe4+ 40.Kf3 d2 41.Nc3 
Rxe7 0-1

[Event "Elite Hotels Open 2015"]
[Site "Elite Stadshotellet, Vaxjo"]
[Date "2015.02.15"]
[Round "8.38"]
[White "Petersson, Kjell"]
[Black "Stenman, Christoffer"]
[Result "1/2-1/2"]
[WhiteElo "2148"]
[BlackElo "1939"]
[EventDate "2015.02.13"]

1.f4 c5 2.Nf3 Nc6 3.e3 g6 4.d4 cxd4 5.exd4 d5 6.c3 Nf6 7.Bd3 Bf5 8.O-O Qc7
9.Ne5 Bxd3 10.Qxd3 Ne4 11.Nd2 f5 12.Nxe4 Nxe5 13.dxe5 dxe4 14.Qb5+ Qd7 15.
Qb3 e6 16.Be3 Be7 17.Rad1 Qc6 18.Rf2 Kf7 19.Rfd2 b6 20.a4 Rhd8 21.Rxd8 
Rxd8 22.Rxd8 Bxd8 23.Qb5 Qd5 24.Qxd5 exd5 25.b4 Ke6 26.Kf2 Kd7 27.b5 h5 
28.Ke2 Ke6 29.Kd2 Bc7 30.Kc2 Bd8 31.Kb3 Bc7 32.c4 dxc4+ 33.Kxc4 Bd8 34.Bf2
Be7 35.a5 Bd8 36.a6 Bc7 37.Bh4 Bb8 38.Bd8 Kd7 39.Bh4 Ke6 40.Bf2 Bc7 41.Be3
Bd8 42.Bf2 1/2-1/2

[Event "Elite Hotels Open 2015"]
[Site "Elite Stadshotellet, Vaxjo"]
[Date "2015.02.15"]
[Round "8.39"]
[White "Sundqvist, Jan-Ove"]
[Black "Fransson, Patrick"]
[Result "0-1"]
[WhiteElo "1934"]
[BlackElo "2130"]
[EventDate "2015.02.13"]

1.d4 f5 2.f4 Nf6 3.Nf3 e6 4.e3 b6 5.c4 Bb7 6.Nc3 Be7 7.Be2 O-O 8.O-O h6 9.
Ne5 Qe8 10.Bf3 Ne4 11.d5 Nxc3 12.bxc3 d6 13.Nd3 Bf6 14.Bd2 e5 15.fxe5 dxe5
16.e4 f4 17.c5 Ba6 18.cxb6 axb6 19.Qc2 Nd7 20.Rfd1 Bxd3 21.Qxd3 Nc5 22.Qc2
Qa4 23.Rdc1 Qxc2 24.Rxc2 Ra4 25.c4 Nb3 26.Rd1 Nd4 27.Rc3 Be7 28.Kf1 Rxa2 
29.Bg4 Bc5 30.Rd3 Rfa8 31.Bc3 R8a3 32.Rh3 f3 33.Bxd4 fxg2+ 34.Kg1 Bxd4+ 
35.Rxd4 exd4 36.Rxa3 Rxa3 37.Kxg2 Re3 0-1

[Event "Elite Hotels Open 2015"]
[Site "Elite Stadshotellet, Vaxjo"]
[Date "2015.02.15"]
[Round "8.40"]
[White "Sjodahl, Sten"]
[Black "Tuomainen, Felix"]
[Result "0-1"]
[WhiteElo "2051"]
[BlackElo "1929"]
[EventDate "2015.02.13"]

1.e4 c6 2.d4 d5 3.exd5 cxd5 4.c4 Nf6 5.Nc3 Nc6 6.cxd5 Nxd5 7.Bb5 a6 8.
Bxc6+ bxc6 9.Nf3 e6 10.O-O Be7 11.Qa4 Bb7 12.Ne4 Qb6 13.Bd2 O-O 14.Rac1 
Qb5 15.Qc2 Nb4 16.Bxb4 Qxb4 17.Nc5 Bxc5 18.Qxc5 Qxc5 19.Rxc5 f6 20.Re1 Kf7
21.Re3 Rac8 22.Kf1 Rfd8 23.Ke2 Rc7 24.Rec3 Rd6 25.Ke3 Rcd7 26.R3c4 g6 27.
Ne1 Rd5 28.f4 a5 29.Ra4 e5 30.fxe5 fxe5 31.Nf3 exd4+ 0-1

[Event "Elite Hotels Open 2015"]
[Site "Elite Stadshotellet, Vaxjo"]
[Date "2015.02.15"]
[Round "8.41"]
[White "Thiborg, Jesper"]
[Black "Bragesjo, Tomas"]
[Result "1-0"]
[WhiteElo "2051"]
[BlackElo "1900"]
[EventDate "2015.02.13"]

1.d4 Nf6 2.Nf3 e6 3.Bf4 c5 4.e3 Nc6 5.c3 d5 6.Nbd2 Be7 7.Bd3 O-O 8.O-O b6 
9.e4 dxe4 10.Nxe4 Nd5 11.Bg3 cxd4 12.cxd4 f5 13.Nc3 Nxc3 14.Qc1 Nb4 15.
Qxc3 Nd5 16.Qc2 f4 17.Bxh7+ Kh8 18.Ne5 Ba6 19.Ng6+ Kxh7 20.Nxf8+ Kg8 21.
Nxe6 Qd6 22.Qg6 Bf8 23.Nxf8 Qxf8 24.Rfe1 fxg3 25.hxg3 Nf6 26.Re3 Bc4 27.g4
Bf7 28.Qg5 Rd8 29.Rd1 Qd6 30.Qh4 Qf4 31.Rh3 Qxg4 32.Qh8# 1-0

[Event "Elite Hotels Open 2015"]
[Site "Elite Stadshotellet, Vaxjo"]
[Date "2015.02.15"]
[Round "8.43"]
[White "Pantzar, Milton"]
[Black "Frantz, Dylan"]
[Result "1-0"]
[WhiteElo "2042"]
[BlackElo "1891"]
[EventDate "2015.02.13"]

1.d4 Nf6 2.c4 g6 3.Nc3 d5 4.Nf3 Bg7 5.Qb3 dxc4 6.Qxc4 a6 7.e4 O-O 8.Be2 b5
9.Qb3 Bb7 10.e5 Nd5 11.a4 c5 12.dxc5 Nxc3 13.Qxc3 bxa4 14.Rxa4 Nc6 15.O-O 
a5 16.Bf4 Nb4 17.Rd1 Qe8 18.Raa1 Nd5 19.Qc1 Nxf4 20.Qxf4 Qc6 21.Qe3 Rfd8 
22.Rxd8+ Rxd8 23.Rxa5 Rd5 24.Bf1 Qc7 25.b4 Bxe5 26.Nxe5 Rxe5 27.Qg3 h5 28.
c6 1-0

[Event "Elite Hotels Open 2015"]
[Site "Elite Stadshotellet, Vaxjo"]
[Date "2015.02.15"]
[Round "8.44"]
[White "Bernhardsson, Sten"]
[Black "Waara, Jorgen"]
[Result "1-0"]
[WhiteElo "2035"]
[BlackElo "1863"]
[EventDate "2015.02.13"]

1.d4 d5 2.Nf3 Nf6 3.c4 e6 4.Bg5 Be7 5.e3 O-O 6.Nc3 h6 7.Bh4 b6 8.cxd5 exd5
9.Bd3 Be6 10.O-O c5 11.Rc1 Nc6 12.Bb1 cxd4 13.Nxd4 Nxd4 14.Qxd4 Rc8 15.Qd3
g6 16.Rfd1 Rc4 17.Bg3 Qc8 18.Qf1 Rd8 19.Nb5 a6 20.Nd4 b5 21.Bd3 Rxc1 22.
Rxc1 Qd7 23.Rc7 Qe8 24.Bxg6 fxg6 25.Nxe6 Rd7 26.Rxd7 Qxd7 27.Nd4 Qc8 28.
Qd1 Ne4 29.Bf4 Bf8 30.h3 Qc4 31.b3 Qc8 32.Nf3 Nc3 33.Qd3 Bg7 34.Qxg6 Ne2+ 
35.Kh2 Nxf4 36.exf4 Qc3 37.Qe6+ Kh8 38.Qxd5 Qb2 39.Qa8+ Kh7 40.Qxa6 Qxf2 
41.Qxb5 Qxa2 42.Qf5+ Kg8 43.b4 Qc4 44.b5 Qc7 45.Ne5 Qb7 46.Qe6+ Kh7 47.b6 
1-0

[Event "Elite Hotels Open 2015"]
[Site "Elite Stadshotellet, Vaxjo"]
[Date "2015.02.15"]
[Round "8.46"]
[White "Isaxon, Alf"]
[Black "Ravik, Andreas"]
[Result "1-0"]
[WhiteElo "2014"]
[BlackElo "1841"]
[EventDate "2015.02.13"]

1.e4 c5 2.Nf3 g6 3.c3 d5 4.exd5 Qxd5 5.d4 Bg7 6.Be3 cxd4 7.Bxd4 Nf6 8.Qb3 
Qe4+ 9.Be2 Be6 10.Qb5+ Bd7 11.Qb3 O-O 12.Nbd2 Qc6 13.Ne5 Qc8 14.O-O Be6 
15.Bc4 Bxc4 16.Ndxc4 Nfd7 17.Nxd7 Nxd7 18.Bxg7 Kxg7 19.Rfe1 e6 20.Rad1 Qc7
21.Nd6 Nc5 22.Qc4 b6 23.b4 Na6 24.Qxa6 Qxc3 25.Qe2 Qxb4 26.Qe5+ Kg8 27.Ne4
Rad8 28.Nf6+ Kg7 29.Ne8+ 1-0

[Event "Elite Hotels Open 2015"]
[Site "Elite Stadshotellet, Vaxjo"]
[Date "2015.02.15"]
[Round "8.48"]
[White "Hogeman, Joel"]
[Black "Emmoth, Alfons"]
[Result "1/2-1/2"]
[WhiteElo "1972"]
[BlackElo "1714"]
[EventDate "2015.02.13"]

1.d4 Nf6 2.c4 g6 3.Nc3 Bg7 4.e4 d6 5.Be2 O-O 6.Nf3 e5 7.O-O Nc6 8.d5 Ne7 
9.Ne1 Ne8 10.Nd3 f5 11.Bd2 Nf6 12.f3 f4 13.c5 g5 14.Rc1 Ng6 15.Nb5 Rf7 16.
Ba5 b6 17.cxd6 cxd6 18.Bb4 Bf8 19.Rc6 Ne8 20.a4 a6 21.Na3 Bd7 22.Rc1 h5 
23.Nf2 b5 24.axb5 axb5 25.Bc3 Rb8 26.Nc2 Nf6 27.Nb4 Ne7 28.Bd2 Rg7 29.Nc6 
Nxc6 30.dxc6 Be6 31.c7 Rxc7 32.Ra1 Rg7 33.h3 g4 34.hxg4 hxg4 35.fxg4 Qd7 
36.Bb4 Nxg4 37.Nxg4 Bxg4 38.Bxg4 Rxg4 39.Ra6 Rg6 40.Qd5+ Kh8 41.Bc3 Qg7 
42.Qd2 b4 43.Rxf4 bxc3 44.Rh4+ Rh6 45.Rxh6+ Qxh6 46.Qxc3 Rb7 47.Ra8 Rf7 
48.b4 Qh4 49.Qe3 Qh5 50.Qb3 Kg7 51.b5 Qh4 52.Qe3 d5 1/2-1/2

[Event "Elite Hotels Open 2015"]
[Site "Elite Stadshotellet, Vaxjo"]
[Date "2015.02.15"]
[Round "8.49"]
[White "Larsson, Per-Olov"]
[Black "Cramling Bellon, Anna"]
[Result "1/2-1/2"]
[WhiteElo "1969"]
[BlackElo "1711"]
[EventDate "2015.02.13"]

1.e4 c5 2.c3 Nf6 3.e5 Nd5 4.Bc4 Nb6 5.Bb3 e6 6.d4 cxd4 7.cxd4 d6 8.exd6 
Bxd6 9.Nf3 N8d7 10.Nc3 Nf6 11.O-O O-O 12.Bg5 Be7 13.Rc1 a6 14.Qe2 Re8 15.
Rfd1 Nfd5 16.Bxe7 Rxe7 17.Qe4 Nf6 18.Qh4 Re8 19.Ne5 Nbd7 20.Nxd7 Bxd7 21.
d5 exd5 22.Nxd5 Nxd5 23.Qxd8 Raxd8 24.Bxd5 b5 25.f3 g6 26.Kf2 Be6 27.Bxe6 
fxe6 28.Ke2 Rxd1 29.Kxd1 Kf7 30.Rc6 a5 31.Rb6 Rd8+ 32.Ke2 Rd5 33.Rb7+ Kg8 
34.Ke3 b4 35.Ra7 h5 36.b3 Kf8 37.Ke2 Rg5 38.Kf2 Rd5 39.Ke2 Rg5 1/2-1/2

[Event "Elite Hotels Open 2015"]
[Site "Elite Stadshotellet, Vaxjo"]
[Date "2015.02.15"]
[Round "8.51"]
[White "Svensson, Hakan"]
[Black "Hedstrom Crevatin, Leo"]
[Result "1-0"]
[WhiteElo "2011"]
[BlackElo "1546"]
[EventDate "2015.02.13"]

1.d4 d5 2.Bf4 c6 3.e3 Bf5 4.Nf3 Nf6 5.c4 e6 6.Qb3 Qb6 7.c5 Qxb3 8.axb3 
Nbd7 9.Nc3 Ne4 10.Nxe4 Bxe4 11.Nd2 Bg6 12.b4 Be7 13.Nb3 f6 14.Na5 e5 15.
Bg3 O-O 16.Nxb7 Rfe8 17.Kd2 exd4 18.exd4 f5 19.f4 Bf6 20.Nd6 Re7 21.Bf2 
Nb8 22.Re1 Rxe1 23.Kxe1 a6 24.Kd2 Be7 1-0

[Event "Elite Hotels Open 2015"]
[Site "Elite Stadshotellet, Vaxjo"]
[Date "2015.02.15"]
[Round "8.53"]
[White "Wallenas, Joakim"]
[Black "Sarwary, Hamidullah"]
[Result "1/2-1/2"]
[WhiteElo "1992"]
[BlackElo "1838"]
[EventDate "2015.02.13"]

1.e4 e5 2.Nf3 Nc6 3.Bc4 Be7 4.O-O Nf6 5.d3 O-O 6.c3 d6 7.Be3 Na5 8.Bb3 
Nxb3 9.axb3 c5 10.h3 Qc7 11.c4 b5 12.Nc3 b4 13.Nd5 Nxd5 14.cxd5 Bd7 15.Nd2
f5 16.f4 g5 17.fxe5 dxe5 18.exf5 Bxf5 19.Ne4 Bxe4 20.dxe4 Rxf1+ 21.Qxf1 h6
22.Ra6 Rf8 23.Qc4 Kg7 24.Rc6 Qa5 25.Qa6 Qxa6 26.Rxa6 Ra8 27.Re6 Kf7 28.
Rxh6 Bf6 29.h4 gxh4 30.Bxc5 Kg7 31.Rh5 a5 32.Bd6 a4 33.bxa4 b3 34.Bxe5 
Bxe5 35.Rxe5 Rxa4 36.Re7+ Kf8 37.Rb7 Rxe4 38.Rxb3 Rd4 39.Rb5 Ke7 40.Kf2 
Kd6 41.Ke3 Rg4 42.Kf3 Rd4 43.Rb8 Kc7 44.Rh8 Rd3+ 45.Kf4 Rg3 46.Rxh4 Rxg2 
47.b4 Kd6 48.Ke4 Rb2 49.Rh6+ Kd7 50.Rb6 Kc7 51.Rc6+ Kd7 52.Rc4 Kd6 53.Rd4 
Rb3 54.Rc4 Rb1 55.Rc6+ Kd7 56.Rb6 Kc7 57.Rb5 Kd6 58.Kd4 Rd1+ 59.Kc4 Rc1+ 
60.Kb3 Rb1+ 61.Kc2 Rh1 62.Rc5 Rh3 63.Rc8 Kxd5 64.b5 Kd6 65.Rc6+ Kd7 66.Rc5
Kd6 67.Rc6+ Kd5 68.Rg6 Kc5 69.b6 Rh7 70.Kc3 1/2-1/2

[Event "Elite Hotels Open 2015"]
[Site "Elite Stadshotellet, Vaxjo"]
[Date "2015.02.15"]
[Round "8.54"]
[White "Knutsson, Hakan"]
[Black "Aira, Leonardo"]
[Result "1/2-1/2"]
[WhiteElo "1987"]
[BlackElo "1703"]
[EventDate "2015.02.13"]

1.e4 e6 2.d4 d5 3.Nc3 Bb4 4.e5 c5 5.a3 Bxc3+ 6.bxc3 Qc7 7.Qg4 Ne7 8.Qxg7 
Rg8 9.Qxh7 cxd4 10.Ne2 Nbc6 11.f4 Bd7 12.Qd3 dxc3 13.Nxc3 a6 14.Rb1 Nf5 
15.g4 Nh6 16.h3 Rc8 17.Bd2 Na5 18.Qe3 Qd8 19.Kd1 Bc6 20.Qd4 Qh4 21.Be1 Qe7
22.a4 Nc4 23.Rh2 Qa3 24.Bd3 b6 25.Ke2 Bxa4 26.Nxa4 Qxa4 27.Rb4 Qa2 28.Kf1 
a5 29.Rb3 a4 30.Rb5 Rc6 31.Rf2 a3 32.c3 Nb2 33.Rxb6 Rxb6 34.Qxb6 Kf8 35.
Bh7 Rh8 36.Bd3 Nxg4 37.Qd8+ Kg7 38.Qg5+ Kf8 39.Qxg4 Qa1 40.Qg5 Qxe1+ 41.
Kxe1 Nxd3+ 42.Kf1 Nxf2 43.Kxf2 a2 44.Qd8+ Kg7 45.Qa5 Rxh3 46.Kg2 Rd3 47.
Qxa2 Rxc3 48.Qd2 Rb3 49.f5 exf5 50.Qg5+ Kf8 51.Qxf5 Rb6 52.Qd7 Rg6+ 53.Kf3
Kg7 54.Qxd5 Kf8 55.Kf4 Kg7 56.Qd8 Re6 57.Kf5 Rg6 58.Qe8 Rh6 59.Qd8 Rg6 60.
Ke4 Re6 61.Kd5 Ra6 62.Qd6 Ra1 63.Qf6+ Kg8 64.Qg5+ Kf8 65.Qd8+ Kg7 66.Kc6 
Ra6+ 67.Kb7 Re6 68.Qg5+ Rg6 69.Qf5 Rh6 70.Kc7 Ra6 71.Qf2 Re6 72.Kd7 Rxe5 
73.Qg3+ Kf6 74.Qf4+ Rf5 75.Qh4+ Kg6 1/2-1/2